| Поле | Название | Значение |
| |
Тип записи |
a |
| |
Библиографический уровень |
m |
| 001 |
Контрольный номер |
RU/IS/BASE/325593518 |
| 005 |
Дата корректировки |
20201206204723.4 |
| 010 |
Индекс ISBN |
__ |
| a |
ISBN |
978-5-7695-5591-6 |
| d |
Цена |
350-00 |
| 100 |
Данные общей обработки |
__ |
| a |
Данные общей обработки |
19030627d2003 |||y0rusy0189 ca |
| 101 |
Язык документа |
0_ |
| a |
Язык текста |
rus |
| c |
Язык оригинала |
rus |
| 102 |
Страна публикации |
__ |
| a |
Страна публикации |
RU |
| 105 |
Кодированные данные (монография) |
__ |
| a |
Кодированные данные (монография) |
a |||||||zy |
| 200 |
Заглавие и сведения об ответственности |
1_ |
| a |
Заглавие |
Биология |
| e |
Сведения, относящиеся к заглавию |
[учеб. для студентов] |
| f |
Первые сведения об ответственности |
С. Г. Мамонтов, В. Б. Захаров, Т. А. Козлова |
| b |
Общее обозначение материала |
Текст |
| 205 |
Сведения об издании |
__ |
| a |
Основные сведения об издании |
3-е изд., стер. |
| 210 |
Выходные данные |
__ |
| a |
Место издания |
М. |
| c |
Издательство |
Академия |
| d |
Дата издания |
2008 |
| 215 |
Физическое описание |
__ |
| a |
Объем |
567, [2] с., [4] л. цв. ил. |
| c |
Иллюстрации/тип воспроизводства |
ил. |
| 225 |
Серия |
__ |
| a |
Серия |
Высшее профессиональное образование |
| i |
Наименование части |
Естественные науки |
| 330 |
Аннотация |
__ |
| a |
Аннотация |
Даны представления о структуре живой материи и наиболее общих ее законах, изложены вопросы о многообразии жизни и истории ее развития на Земле. |
| 606 |
Тематические рубрики |
__ |
| a |
Основная рубрика |
Биология |
| 606 |
Тематические рубрики |
__ |
| a |
Основная рубрика |
Общие вопросы биологии |
| 610 |
Ключевые слова |
__ |
| a |
Ключевые слова |
живые системы; органический мир; организмы; живые организмы; экология; эволюция; экология; растения; грибы; животные; человек; живая природа; микроэволюция; макроэволюция; экологические проблемы; история биологии; происхождение жизни; клетки (биология); обмен веществ; жизненные циклы животных; размножение; размножение животных; размножение растений; размножение человека; половое размножение; генетика вирусов гриппа; генетика; селекция; генетические исследования; эволюционные теории; теория Дарвина; биосфера; учение Вернадского; биогеоценоз; биоценоз; естественный отбор; низшие растения; растительные сообщества; одноклеточные; одноклеточные животные; многоклеточные; многоклеточные животные; членистоногие; моллюски; иглокожие; хордовые; хрящевые; рыбы; земноводные; пресмыкающиеся; птицы; млекопитающие |
| 686 |
Индексы других классификаций |
__ |
| a |
Классификационный индекс |
28.0я73 |
| 700 |
Автор |
_1 |
| a |
Фамилия |
Мамонтов |
| b |
Имя |
С. Г. |
| g |
Полное личное имя |
Сергей Григорьевич |
| 4 |
Код отношения |
070 |
| 702 |
Вторичная интеллектуальная ответственность |
_1 |
| a |
Фамилия |
Захаров |
| b |
Имя |
В. Б. |
| 4 |
Код отношения |
Автор |
| g |
Полное личное имя |
Владимир Борисович |
| 4 |
Код отношения |
070 |
| 702 |
Вторичная интеллектуальная ответственность |
_1 |
| a |
Фамилия |
Козлова |
| b |
Имя |
Т. А. |
| 4 |
Код отношения |
Автор |
| g |
Полное личное имя |
Татьяна Александровна |
| 4 |
Код отношения |
070 |
| 801 |
Источник записи |
_0 |
| a |
Страна |
RU |
| b |
Организация |
Муниципальное бюджетное учреждение культуры "Централизованная библиотечная система" г. Сургут (Центральная городская библиотека им. А. С. Пушкина) |
| c |
Дата составления |
20030627 |
| g |
Правила каталогизации |
КиК/Поспелова |
| 801 |
Источник записи |
_1 |
| a |
Страна |
RU |
| b |
Организация |
Муниципальное бюджетное учреждение культуры "Централизованная библиотечная система" г. Сургут (Центральная городская библиотека им. А. С. Пушкина) |
| c |
Дата составления |
20030627 |
| g |
Правила каталогизации |
КиК/Поспелова |
| 852 |
Данные о местонахождении |
__ |
| j |
Шифр хранения |
28.0я73 |
| i |
Авторский знак |
М 22 |
| 901 |
Тип документа |
__ |
| t |
Тип документа |
m |
| 903 |
Характеристики (МАРС) |
__ |
| a |
Дата передачи |
20100429 |
| 969 |
Тип издания |
__ |
| a |
Тип издания |
учебник |
| 990 |
Данные о заказе (DOS) |
__ |
| j |
Количество экземпляров (DOS) |
1 |
| t |
N записи в КСУ для И/У (DOS) |
201005 |